Countries with the most murders - Statistics

General Stats
  • This quiz has been taken 62 times
  • The average score is 11 of 18
Answer Stats
Murders per 100,000 people Country % Correct
29 Brazil
90%
19 Mexico
90%
25 Colombia
88%
56 Honduras
86%
82 El Salvador
85%
56 Venezuela
80%
27 Guatemala
76%
33 South Africa
73%
37 Belize
69%
47 Jamaica
61%
30 Trinidad and Tobago
44%
28 Bahamas
39%
34 Saint Kitts and Nevis
39%
19 Saint Lucia
39%
36 Saint Vincent and the Grenadines
37%
41 Lesotho
36%
19 Central African Republic
19%
18 Tuvalu
3%
No matching quizzes found
Score Distribution
Percent of People with Each Score
Percentile by Number Answered
Your Score History
You have not taken this quiz